| 000 | 00419nam a2200157Ia 4500 | ||
|---|---|---|---|
| 008 | 220204s9999 xx 000 0 und d | ||
| 082 |
_a582JON _bJON |
||
| 100 | _aJONES, Samuel B | ||
| 245 | 0 | _aPlant systematics | |
| 260 |
_aNew York _bMcGraw Hill _c1979 |
||
| 490 | _aMcGraw Hill series in organismic biology | ||
| 650 | _aAngiosperm | ||
| 650 | _aPlant systematics | ||
| 700 | _aLUCHSINGER, Arlene | ||
| 942 | _cBK | ||
| 999 |
_c34357 _d34357 |
||